01366nab a22002777a 4500999001500000003000400015005001700019008004100036040000700077100003400084245015000118260004200268300001200310500003700322505031200359505008900671650002600760650003000786650001800816650003700834650002300871650003100894650003000925773012000955942001301075 c6466d6466OSt20260209100316.0190506c xxu||||| |||| 00| 0 spa d cPJ 97087aPadin, María Gabriela13aLa aplicación temporal de la reforma laboral (ley 27.742) :banálisis de posturas doctrinarias y jurisprudenciales /cMaría Gabriela Padin. aBuenos Aires :bAbeledoPerrot,c2025. ap. 9-15 aCita: TR LALEY AR/DOC/151/2025.  aSumario: I. Introducción.— II. Vigencia: implicancias y alcance.— III. Indemnizaciones agravadas derogadas y su impacto en la aplicación temporal de la reforma. Posturas en la jurisprudencia y en la doctrina.— IV. Retroactividad - Irretroactividad - Ultraactividad: posiciones.— V. Conclusiones. t¿Te interesa el texto completo? Comunicate al correo: koha@justierradelfuego.gov.ar 091316aDERECHO LABORAL 091323aCONTRATO DE TRABAJO 091533aDESPIDO 091383aLEY DE CONTRATO DE TRABAJO 091318aREMUNERACION 091803aRELACIONES LABORALES 091323aCONTRATO DE TRABAJO0 0275193202dBuenos Aires : AbeledoPerrot, 2013-tRevista de derecho laboral y seguridad social. Nº 5 - Marzo 2025 2udccANA